Tu sais _ Djadja & Dinaz_ paroles - Statistiques

Statistiques générales
  • Ce quiz a été pris 24 fois
  • Le résultat moyen est 224 sur 354
Statistiques - réponses
Hint Réponse % Correct
sais
93%
Tu
93%
tu
93%
D
86%
Couplet 3 De
86%
ma
86%
à
79%
attention
79%
bébé
79%
Ca
79%
ça
79%
Couplet 1 C'est
79%
c'est
79%
dans
79%
J'ai
79%
j'ai
79%
je
79%
juste
79%
moi
79%
mon
79%
pas
79%
tomber
79%
capter
71%
dis
71%
elle
71%
Elle
71%
fait
71%
Refrain J'lui
71%
71%
la
71%
71%
pour
71%
son
71%
suffit
71%
ton
71%
tout
71%
beauté
64%
déjà
64%
dit
64%
d'moments
64%
Entre
64%
entre
64%
fier
64%
homme
64%
j'étais
64%
J'me
64%
j'me
64%
J'vais
64%
j'vais
64%
Couplet 2 J'voulais
64%
l'avoir
64%
merdé
64%
nous
64%
pensées
64%
rappelle
64%
sous
64%
tension
64%
construire
57%
dépenser
57%
deux
57%
d'la
57%
dormir
57%
Faut
57%
grave
57%
j'fais
57%
J'l'ai
57%
J'peux
57%
J'veux
57%
l'habitude
57%
l'mal
57%
maintenant
57%
pleins
57%
qu'on
57%
rentrer
57%
tes
57%
t'es
57%
T'es
57%
t'inquiètes
57%
toi
57%
trop
57%
va
57%
vu
57%
attitude
50%
bien
50%
casser
50%
chez
50%
d'me
50%
du
50%
Encore
50%
fais
50%
faute
50%
J'aime
50%
l'noir
50%
moins
50%
sans
50%
Si
50%
sors
50%
s'tire
50%
ta
50%
tête
50%
au
43%
faire
43%
J'le
43%
j'm'en
43%
l'temps
43%
Mais
43%
mais
43%
mal
43%
matin
43%
même
43%
m'voir
43%
pareil
43%
parler
43%
passer
43%
Que
43%
que
43%
soir
43%
veut
43%
vois
43%
bene
36%
d'moi
36%
donne
36%
fond
36%
j'sais
36%
peine
36%
près
36%
s'dise
36%
soigner
36%
vraiment
36%
assumer
29%
fête
29%
J'serai
29%
m'aimes
29%
m'attends
29%
m'demande
29%
peur
29%
Quand
29%
t'ai
29%
T'as
29%
toujours
29%
bon
21%
été
21%
j'suis
21%
l'avenir
21%
m'en
21%
Ne
21%
qu'je
21%
sois
21%
un
21%
resté
14%
qu'j'vais
7%
Aucun quiz correspondant
Distribution des résultats
% des personnes avec chaque résultat
Percentile par nombre de réponses
Votre historique - résultats
Vous n’avez pas pris ce quiz